|
|
|
|
| LEADER |
00000nam0a2200000 4500 |
| 001 |
276164 |
| 005 |
20231101234907.0 |
| 035 |
|
|
|a (RuTPU)RU\TPU\book\299422
|
| 090 |
|
|
|a 276164
|
| 100 |
|
|
|a 20141119d1984 m y0rusy50 ca
|
| 101 |
0 |
|
|a rus
|
| 102 |
|
|
|a RU
|
| 105 |
|
|
|a a j 001zy
|
| 200 |
1 |
|
|a Кернометрия в наклонных и искривленных скважинах
|e учебное пособие
|f Л. Г. Шолохов
|g Свердловский горный институт им. В. В. Вахрушева
|
| 210 |
|
|
|a Свердловск
|c Изд-во СГИ
|d 1984
|
| 215 |
|
|
|a 64 с.
|c ил.
|
| 320 |
|
|
|a Библиогр.: с. 61
|
| 606 |
1 |
|
|a Буровые скважины
|x Искривления
|x Замер
|2 stltpush
|3 (RuTPU)RU\TPU\subj\30616
|9 53700
|
| 610 |
1 |
|
|a наклонные скважины
|
| 610 |
1 |
|
|a искривленные скважины
|
| 610 |
1 |
|
|a кернометрия
|
| 610 |
1 |
|
|a керн
|
| 610 |
1 |
|
|a отбор
|
| 610 |
1 |
|
|a горные породы
|
| 610 |
1 |
|
|a структурная анизотропия
|
| 610 |
1 |
|
|a текстурная анизотропия
|
| 610 |
1 |
|
|a пространственные параметры
|
| 610 |
1 |
|
|a искривленные скважины
|
| 610 |
1 |
|
|a профиль
|
| 610 |
1 |
|
|a учебные пособия
|
| 675 |
|
|
|a 622.243.27(075.8)
|v 3
|
| 700 |
|
1 |
|a Шолохов
|b Л. Г.
|g Леонид Григорьевич
|
| 712 |
0 |
2 |
|a Свердловский горный институт им. В. В. Вахрушева
|c (1934-1991)
|2 stltpush
|3 (RuTPU)RU\TPU\col\6743
|9 24264
|
| 801 |
|
1 |
|a RU
|b 63413507
|c 20141119
|
| 801 |
|
2 |
|a RU
|b 63413507
|c 20170131
|g RCR
|
| 942 |
|
|
|c BK
|